| 000 | 01384cad a22002415a 4500 | ||
|---|---|---|---|
| 001 | L160085 | ||
| 008 | 120529s2010 xxk g 000 0 eng d | ||
| 035 | _a(Sirsi) u160085 | ||
| 041 | 0 | _aeng | |
| 110 | _aFederation International Des Geometres | ||
| 111 | 2 |
_aFIG Working Week 2010 _bSydney, Australia _c11-16 April 2010 |
|
| 245 | 0 | 0 |
_aIHO Capacity Building in the South West Pacific region _bNZ perspective _h[electronic resource] |
| 260 |
_aSydney _bFIG _c2010 |
||
| 520 | _aOutlines recent International Hydrographic Organization (IHO) Capacity Building initiatives in the South West Pacific (SWP), specifically the New Zealand role, responsibilities and contribution. Includes a brief introduction to the IHO strategy, plan and goals for Capacity Building worldwide and how this is being implemented in the region by the member states of the SWPHC. | ||
| 650 | 2 | 4 | _aCAPACITY ANALYSIS |
| 650 | 2 | 4 |
_aHYDROGRAPHY _96245 |
| 651 | 4 | _aNew Zealand | |
| 690 | _aSUSTAINABLE DEVELOPMENT | ||
| 700 | 1 | _aGreenland, Adam | |
| 856 | 4 | 0 |
_uhttps://fig.net/resources/proceedings/fig_proceedings/fig2010/ppt/ts04i/ts04i_greenland_ppt_3981.pdf _zView the presentation free of charge at www.fig.net |
| 856 | 4 | 0 |
_uhttps://www.rics.org/Global/Downloads/IHO_Capacity_Building_in_the_South_West_Pacific_Region_-_NZ_Perspective.pdf _zView the abstract free of charge at www.rics.org |
| 942 | _n0 | ||
| 999 |
_c116202 _d116202 |
||